000 00325nam a22001097a 4500
008 160518b xxu||||| |||| 00| 0 eng d
020 _a0070701385
041 _aeng
080 _a618.2
245 _aClinical pharmacology and therapeutics in nursing:
_cMatthew B. Wiener; Ginette A. Pepper; Gail Kuhn Weisman;
942 _2udc
_cBK
999 _c2167
_d2167